000 00584nam a2200193Ia 4500
008 151121s9999||||xx |||||||||||||| ||und||
082 _a813/पेण्ढर
082 _bHNW-13426
100 _aपेंढारकर य।दि।
245 _aघायाळ
260 _b"देशमुख आणि कंपनी, पुणे।"
260 _c--
300 _a89
600 _aपेंढारकर य।दि।
630 _aघायाळ
700 _aपेंढारकर य।दि।
730 _aघायाळ
942 _cBOOK
999 _c1217543
_d1217540